| 000 | 01316aam a2200313 i 4500 | ||
|---|---|---|---|
| 001 | 016111171 | ||
| 003 | EG-ScBUE | ||
| 005 | 20251126104805.0 | ||
| 008 | 120511s2013 e a f b 001 0 eng d | ||
| 020 | _a9780415598170 (pbk) | ||
| 020 | _a0415598176 (pbk) | ||
| 040 |
_aStDuBDS _beng _erda _cStDuBDS _dUk _dEG-ScBUE |
||
| 082 | 0 | 4 |
_a791.45 _222 _bBIG |
| 100 | 1 |
_aBignell, Jonathan, _eauthor. |
|
| 245 | 1 | 3 |
_aAn introduction to television studies / _cJonathan Bignell. |
| 250 | _aThird edition. | ||
| 264 | 1 |
_aLondon ; _aNew York : _bRoutledge, _c2013. |
|
| 300 |
_ax, 344 pages : _billustrations ; _c25 cm |
||
| 336 |
_atext _2rdacontent _btxt |
||
| 337 |
_aunmediated _2rdamedia _bn |
||
| 338 |
_avolume _2rdacarrier _bnc |
||
| 504 | _aIncludes bibliographical references and index. | ||
| 505 | 0 | _aIntroduction -- Studying television -- Television histories -- Television cultures -- Television texts and television narratives -- Television and genre -- Television production -- Postmodern television -- Television realities -- Television representation -- Television you can't see -- Shaping audiences -- Television in everyday life. | |
| 650 | 7 |
_aTelevision broadcasting. _2BUEsh |
|
| 650 | 7 |
_aTelevisión. _2BUEsh |
|
| 655 | _vReading book | ||
| 942 |
_2ddc _cBB |
||
| 999 |
_c31023 _d30994 |
||